Francesco Tomasoni, Ludwig Feuerbach. Biografia intellettuale, Brescia, Editrice Morcelliana, 2011, 518 p., 28 € (notice n° 1658030)

détails MARC
000 -LEADER
fixed length control field 02145cam a2200169 4500500
005 - DATE AND TIME OF LATEST TRANSACTION
control field 20260208010739.0
041 ## - LANGUAGE CODE
Language code of text/sound track or separate title fre
042 ## - AUTHENTICATION CODE
Authentication code dc
100 10 - MAIN ENTRY--PERSONAL NAME
Personal name Lorvellec, Yves
Relator term author
245 00 - TITLE STATEMENT
Title Francesco Tomasoni, Ludwig Feuerbach. Biografia intellettuale, Brescia, Editrice Morcelliana, 2011, 518 p., 28 €
260 ## - PUBLICATION, DISTRIBUTION, ETC.
Date of publication, distribution, etc. 2012.<br/>
500 ## - GENERAL NOTE
General note 82
520 ## - SUMMARY, ETC.
Summary, etc. RésuméMartha Nussbaum, à l’instar de Cavell ou de Murdoch, appuie sa pratique de la philosophie morale sur une analyse précise de textes littéraires. Dans cet article, on montre que ce recours à la littérature n’est pas illustratif, mais est cohérent avec un ensemble de thèses substantielles sur la nature même de la pensée morale et sur la méthode adaptée à la philosophie morale. C’est parce qu’elle accorde un poids particulier aux êtres et aux objets particuliers en éthique, ainsi qu’aux conflits, et à la portée cognitive des émotions que Nussbaum peut considérer certains textes littéraires particuliers comme des exemples de philosophie morale. Cela explique également certaines caractéristiques de son propre style philosophique, en particulier son usage particulier du « je ».
520 ## - SUMMARY, ETC.
Summary, etc. For Martha Nussbaum, as well as for Cavell or Murdoch, moral philosophy reliesheavily on detailed analysis of literary texts. This paper shows that this use of literaturein ethics, far from being only illustrative, is consistent with a set of substantialthesis on the nature of moral thought and on the method appropriate for moral philosophy.Nussbaum considers that some literary texts are instances of moral philosophybecause she sees the individuality of beings and things, as well as conflicts, as crucialelements in ethics, and also because she attributes to emotions a cognitive aspect.These characteristics shed some light on some particularities of her own style, suchas a remarkable use of the first person.
786 0# - DATA SOURCE ENTRY
Note Revue philosophique de la France et de l'étranger | 137 | 1 | 2012-02-17 | p. 101k-115k | 0035-3833
856 41 - ELECTRONIC LOCATION AND ACCESS
Uniform Resource Identifier <a href="https://shs.cairn.info/revue-philosophique-2012-1-page-101k?lang=fr&redirect-ssocas=7080">https://shs.cairn.info/revue-philosophique-2012-1-page-101k?lang=fr&redirect-ssocas=7080</a>

Pas d'exemplaire disponible.

PLUDOC

PLUDOC est la plateforme unique et centralisée de gestion des bibliothèques physiques et numériques de Guinée administré par le CEDUST. Elle est la plus grande base de données de ressources documentaires pour les Étudiants, Enseignants chercheurs et Chercheurs de Guinée.

Adresse

627 919 101/664 919 101

25 boulevard du commerce
Kaloum, Conakry, Guinée

Réseaux sociaux

Powered by Netsen Group @ 2025